LEADER 00880nam0-22002771i-450- 001 990006234380403321 005 19980601 035 $a000623438 035 $aFED01000623438 035 $a(Aleph)000623438FED01 035 $a000623438 100 $a19980601d1993----km-y0itay50------ba 105 $a--------00-yy 200 1 $a<>fondements comptables de la macroeconomique$eles equations comptables entre quantites globales et leurs applications$fMaurice Allais. 210 $aParis$cPresses universitaires de France$d1993 215 $aVIII,, 96 p.$d23 cm 676 $a339 700 1$aAllais,$bMaurice$f<1911-2010>$0121556 801 0$aIT$bUNINA$gRICA$2UNIMARC 901 $aBK 912 $a990006234380403321 952 $aXV G1 155$b28110*$fFGBC 959 $aFGBC 996 $aFondements comptables de la macroeconomique$9636303 997 $aUNINA DB $aGIU01 LEADER 01385nam a22002531i 4500 001 991001815709707536 005 20031219124055.0 008 040407s1982 it |||||||||||||1|||ita 035 $ab12827587-39ule_inst 035 $aARCHE-080720$9ExL 040 $aDip.to Scienze Storiche$bita$cA.t.i. Arché s.c.r.l. Pandora Sicilia s.r.l. 082 04$a382 245 00$aCee, Mezzogiorno, Mediterraneo :$bnuove prospettive di cooperazione economica : atti del Convegno internazionale di studio, Catania, 4-5 dicembre 1981 /$corganizzato dalla Facoltà di economia e commercio dell'Università di Catania, in collaborazione con l'Ufficio per l'Italia della Commissione CEE, la Fondazione politecnica del Mediterraneo di Catania e la FOCSIV di Milano ; a cura di Giulio Querini 260 $aNapoli :$bEdizioni scientifiche italiane,$c1982 300 $a324 p. ;$c21 cm 650 4$aComunità economica europea e Paesi mediterranei$xCongressi$y1981 700 1 $aQuerini, Giulio 710 2 $aUniversità degli studi :$bFacoltà di economia e commercio 907 $a.b12827587$b02-04-14$c16-04-04 912 $a991001815709707536 945 $aLE023 382 CEE 1 1 $g1$i2023000150740$lle023$o-$pE0.00$q-$rl$s- $t0$u0$v0$w0$x0$y.i13379203$z16-04-04 996 $aCee, Mezzogiorno, Mediterraneo$967345 997 $aUNISALENTO 998 $ale023$b16-04-04$cm$da $e-$fita$git $h0$i1